Cargando...
From the womb of han:stories of Korean women workers.
| Formato: | Printed Book |
|---|---|
| Publicado: |
Hongkong :
Christian Conference of Asia-Urban Rural Mission,
1982.
|
| Materias: |
| LEADER | 00472nam a22001217a 4500 | ||
|---|---|---|---|
| 082 | |a 331.409 519 |b FRO | ||
| 245 | |a From the womb of han:stories of Korean women workers. | ||
| 260 | |a Hongkong : |b Christian Conference of Asia-Urban Rural Mission, |c 1982. | ||
| 300 | |a 93p.; | ||
| 650 | |a Economics. |v Workers. | ||
| 942 | |c BK | ||
| 999 | |c 100519 |d 100519 | ||
| 952 | |0 0 |1 0 |4 0 |6 331_409000000000000_519_FRO |7 0 |9 93903 |a SSS |b SSS |c CAS |d 2012-04-27 |l 0 |o 331.409 519 FRO |p SSSMK0731 |r 2012-04-27 |w 2012-04-27 |y BK | ||